Score 0/18 Timer 06:00
5 Plays Today
% Correct
Wilt Chamberlain
91.1%
Michael Phelps
89.5%
Serena Williams
81.9%
Muhammad Ali & Joe Frazier
81.3%
Danica Patrick
80.3%
Karl Malone
78.9%
Dennis Rodman
78.7%
Mike Tyson
78%
Deion Sanders
73.5%
% Correct
Wayne Gretzky
72.7%
Arnold Palmer
71.5%
Nick Foles & Doug Pederson
69.8%
Randy Johnson
69.3%
Pete Rose
69%
Joe Namath
67.9%
Walter Payton
66.6%
Cy Young
65.8%
Gordie Howe
53.3%
Remove Ads.
Support Sporcle.
Get the best of Sporcle when you Go Orange. This ad-free experience offers more features, more stats, and more fun while also helping to support Sporcle. Thank you for becoming a member.

You're not logged in!

Compare scores with friends on all Sporcle quizzes.
OR
Log In

Show Comments

Extras

Top Quizzes Today


Score Distribution

Your Account Isn't Verified!

In order to create a playlist on Sporcle, you need to verify the email address you used during registration. Go to your Sporcle Settings to finish the process.

Report this User

Report this user for behavior that violates our Community Guidelines.

Details: